[Event "AUTO-ADV-4831"]
[Site "http://www.queenalice.com/game.php?id=1848635"]
[Date "2024.12.11"]
[Round "1"]
[White "fabricioprado"]
[Black "Canaye14"]
[Result "0-1"]
[WhiteElo "1698"]
[BlackElo "1829"]

1. e4 e6 2. d4 d5 3. Nc3 dxe4 4. Nxe4 Nd7 5. Nf3 Ngf6 6. Nc3 c5 7. d5 exd5 8.
Be2 Be7 9. Nxd5 Nxd5 10. O-O N7f6 11. c4 Nb6 12. b3 O-O 13. Bf4 Bg4 14. h3 Bd7
15. Qc2 Re8 16. Rfd1 Nh5 17. Bh2 Qc8 18. Ne5 Bf5 19. Qc3 Nf6 20. Ng4 Nxg4 21.
hxg4 Bxg4 22. Bf3 Bf6 23. Qd3 Bxa1 24. Bxg4 Qxg4 25. Rxa1 Re2 26. Bg3 Rae8 27.
Rd1 Re1+ 28. Rxe1 Rxe1+ 29. Kh2 Qh5+ 30. Bh4 Qxh4+ 0-1

[Event "AUTO-ADV-4831"]
[Site "http://www.queenalice.com/game.php?id=1848650"]
[Date "2024.12.11"]
[Round "1"]
[White "fabricioprado"]
[Black "maurice916"]
[Result "0-1"]
[WhiteElo "1672"]
[BlackElo "1964"]

1. e4 c6 2. Nf3 d5 3. exd5 cxd5 4. d4 Nf6 5. Bb5+ Bd7 6. Qe2 Nc6 7. O-O e6 8.
Nc3 Be7 9. Bf4 O-O 10. a4 Rc8 11. Rfe1 a6 12. Bd3 Na7 13. Ng5 h6 14. Nh3 Nc6 15.
Bxh6 gxh6 16. Qf3 Nh7 17. Qg4+ Kh8 18. Qh5 Bg5 19. Bxh7 Kxh7 20. Ne2 e5 21. Ng3
Bxh3 22. Qxh3 Nxd4 23. c3 Nc2 24. Qf5+ Kg7 25. Nh5+ Kh8 26. Qxe5+ f6 27. Qf5
Nxe1 28. Qg6 Qe7 29. h3 Rg8 30. Qf5 Qe4 0-1

[Event "AUTO-ADV-4831"]
[Site "http://www.queenalice.com/game.php?id=1848651"]
[Date "2024.12.11"]
[Round "1"]
[White "maurice916"]
[Black "fabricioprado"]
[Result "1-0"]
[WhiteElo "1968"]
[BlackElo "1668"]

1. Nf3 d5 2. b3 Bf5 3. Bb2 e6 4. e3 Nf6 5. Be2 Be7 6. O-O O-O 7. c4 c6 8. d4
Nbd7 9. Nbd2 b6 10. cxd5 cxd5 11. Rc1 Ne4 12. Ne5 Nxe5 13. dxe5 Qd7 14. f4 Bc5
15. Rf3 Qe7 16. Nxe4 Bxe4 17. Rg3 Bg6 18. Bh5 Rad8 19. Qf3 Be4 20. Qg4 Bg6 21.
Bxg6 fxg6 22. Bd4 Rc8 23. Rf1 Bb4 24. h4 Rf5 25. Qe2 Qxh4 26. Rh3 Qe7 27. g4
Rff8 28. Qg2 h6 29. g5 1-0

[Event "AUTO-ADV-4831"]
[Site "http://www.queenalice.com/game.php?id=1848652"]
[Date "2024.12.11"]
[Round "1"]
[White "fabricioprado"]
[Black "SGF"]
[Result "1-0"]
[WhiteElo "1660"]
[BlackElo "1807"]

1. d4 e6 2. e4 Qf6 3. Nf3 h6 4. Nc3 c6 5. Be2 Be7 6. O-O d6 7. e5 dxe5 8. dxe5
Qg6 9. Bd3 f5 10. Ne2 h5 11. Nf4 Qf7 12. c3 g5 13. Ne2 g4 14. Nfd4 h4 15. Nf4 h3
16. g3 Bc5 17. Be3 a6 18. Ndxe6 Bxe6 19. Bxc5 Nd7 20. Bd6 c5 21. b4 Bd5 22. bxc5
O-O-O 23. Qa4 Bc6 24. Qxc6+ bxc6 25. Bxa6# 1-0

[Event "AUTO-ADV-4831"]
[Site "http://www.queenalice.com/game.php?id=1848653"]
[Date "2024.12.11"]
[Round "1"]
[White "SGF"]
[Black "fabricioprado"]
[Result "1-0"]
[WhiteElo "1746"]
[BlackElo "1686"]

1. e4 c5 2. Qf3 e6 3. Bc4 Nf6 4. d3 d6 5. Bb5+ Bd7 6. Bxd7+ Nbxd7 7. e5 Nxe5 8.
Qxb7 Be7 9. f3 O-O 10. Ne2 a5 11. f4 Rb8 12. Qa6 Ra8 13. Qb5 Qc7 14. fxe5 dxe5
15. a4 Rfb8 16. Qc4 Rb4 17. Qc3 e4 18. d4 Nd5 19. Qg3 Qxg3+ 20. hxg3 cxd4 21. c3
dxc3 22. bxc3 Rc4 23. O-O h6 24. Nd2 Rc7 25. Nxe4 Bc5+ 26. Kh2 Ne3 27. Bxe3 Bxe3
28. Nd6 Bg5 29. Rad1 Rb8 30. Nb5 Rc4 31. Nd6 Rxa4 32. Nxf7 Be7 33. Ne5 Re4 34.
Nc6 Re8 35. Ned4 Bc5 36. Nxa5 Re3 37. Nb7 Bb6 38. Nd6 Re7 39. N6f5 Rxc3 40.
Nxe7+ Kh7 41. Nxe6 1-0

[Event "AUTO-ADV-4854"]
[Site "http://www.queenalice.com/game.php?id=1854249"]
[Date "2025.3.21"]
[Round "1"]
[White "driver2022"]
[Black "fabricioprado"]
[Result "1-0"]
[WhiteElo "1826"]
[BlackElo "1593"]

1. e4 e5 2. Bc4 Nf6 3. d3 Be7 4. Nf3 O-O 5. O-O d6 6. Nc3 Nc6 7. a3 a6 8. Nd5 b5
9. Nxe7+ Qxe7 10. Ba2 Bb7 11. Bg5 h6 12. Bh4 Qe6 13. Bxe6 1-0

[Event "AUTO-ADV-4854"]
[Site "http://www.queenalice.com/game.php?id=1854259"]
[Date "2025.3.21"]
[Round "1"]
[White "fabricioprado"]
[Black "Kn1ght1962"]
[Result "0-1"]
[WhiteElo "1524"]
[BlackElo "1645"]

1. d4 d5 2. c4 dxc4 3. Nc3 h6 4. Bf4 Nd7 5. Nf3 Ngf6 6. e3 Nb6 7. Be2 Nbd5 8.
Bg3 Nxc3 9. bxc3 b5 10. a4 a6 11. axb5 Be6 12. O-O Bd5 13. bxa6 Ne4 14. Qc2 Nxg3
15. fxg3 e6 16. Qa4+ c6 17. Bxc4 Bd6 18. Bxd5 exd5 19. Qxc6+ Ke7 0-1

[Event "AUTO-ADV-4854"]
[Site "http://www.queenalice.com/game.php?id=1854260"]
[Date "2025.3.21"]
[Round "1"]
[White "Kn1ght1962"]
[Black "fabricioprado"]
[Result "1-0"]
[WhiteElo "1633"]
[BlackElo "1536"]

1. e4 e5 2. Nf3 Nc6 3. a3 Nf6 4. d3 Be7 5. c3 O-O 6. Be3 d6 7. h3 a6 8. Be2 b5
9. Qd2 Bb7 10. Ng5 Nd7 11. g4 h6 12. Nf3 Nf6 13. Bxh6 gxh6 14. Qxh6 Nh7 15. h4
Bf6 16. Nbd2 Bg7 17. Qe3 Ne7 18. O-O-O Ng6 19. h5 Nf4 20. h6 1-0

[Event "AUTO-ADV-4856"]
[Site "http://www.queenalice.com/game.php?id=1854845"]
[Date "2025.4.2"]
[Round "1"]
[White "fabricioprado"]
[Black "zmanomega"]
[Result "0-1"]
[WhiteElo "1622"]
[BlackElo "1638"]

1. e4 e5 2. Nf3 Nc6 3. Bb5 Qf6 4. O-O a6 5. Ba4 b5 6. Bb3 d6 7. d3 Bg4 8. Be3
Qg6 9. Qe2 Bh3 10. Nh4 Qf6 11. gxh3 Qxh4 12. Qf3 Qe7 13. Nc3 f6 0-1

[Event "AUTO-ADV-4856"]
[Site "http://www.queenalice.com/game.php?id=1854846"]
[Date "2025.4.2"]
[Round "1"]
[White "zmanomega"]
[Black "fabricioprado"]
[Result "1-0"]
[WhiteElo "1653"]
[BlackElo "1607"]

1. e4 e5 2. Nc3 Nf6 3. Nf3 Nc6 4. d4 exd4 5. Nxd4 d6 6. Nxc6 bxc6 7. Bd3 Be7 8.
Qf3 Bb7 9. O-O c5 10. Bf4 O-O 11. Qg3 Re8 12. Rae1 Bf8 13. f3 Nh5 14. Qf2 1-0

[Event "AUTO-ADV-4856"]
[Site "http://www.queenalice.com/game.php?id=1854847"]
[Date "2025.4.2"]
[Round "1"]
[White "fabricioprado"]
[Black "bdpq"]
[Result "0-1"]
[WhiteElo "1569"]
[BlackElo "1630"]

1. e4 d5 2. e5 e6 3. d4 Nc6 4. Nf3 Bb4+ 5. c3 Ba5 6. Bd2 Nge7 7. Be2 O-O 8. O-O
Bd7 9. b4 Bb6 10. Bg5 h6 11. Bh4 a5 12. b5 Na7 13. a4 c5 14. Nbd2 cxd4 15. cxd4
f5 16. Nb3 Be8 17. Rc1 Bg6 18. Nc5 Bh5 19. Nxe6 Qd7 0-1

[Event "AUTO-ADV-4856"]
[Site "http://www.queenalice.com/game.php?id=1854848"]
[Date "2025.4.2"]
[Round "1"]
[White "bdpq"]
[Black "fabricioprado"]
[Result "1-0"]
[WhiteElo "1615"]
[BlackElo "1584"]

1. e4 e5 2. d4 exd4 3. Qxd4 Nc6 4. Qd1 d6 5. Bb5 Bd7 6. Nf3 Nf6 7. O-O Be7 8.
Bg5 O-O 9. Nc3 a6 10. Bd3 b5 11. Nd5 Nxd5 12. Bxe7 Ndxe7 13. Ng5 Ng6 14. Qd2 h6
15. Nf3 Nce5 16. Nxe5 Nxe5 17. Be2 Qe7 18. f4 Ng6 19. e5 dxe5 20. Bh5 1-0

[Event "AUTO-ADV-4856"]
[Site "http://www.queenalice.com/game.php?id=1854849"]
[Date "2025.4.2"]
[Round "1"]
[White "fabricioprado"]
[Black "askasl159"]
[Result "0-1"]
[WhiteElo "1625"]
[BlackElo "1958"]

1. e4 e5 2. Nf3 Nc6 3. Bc4 h6 4. O-O Nf6 5. Nc3 Bc5 6. d3 a6 7. a3 O-O 8. b4 Ba7
9. Bb2 b5 10. Bb3 Re8 0-1

[Event "Let's Play Chess!"]
[Site "http://www.queenalice.com/game.php?id=1860655"]
[Date "2025.8.11"]
[Round "-"]
[White "fabricioprado"]
[Black "newgame"]
[Result "0-1"]
[WhiteElo "1513"]
[BlackElo "1483"]

1. e4 c5 2. Nf3 f6 3. Bc4 e6 4. d4 d5 5. exd5 exd5 6. Bb5+ Bd7 7. Qe2+ Ne7 8.
Bxd7+ Nxd7 9. Nc3 g6 10. Nxd5 Nb6 0-1